History Quiz

Random History or Clickable Quiz

Follow That Line: Famous Speeches Quiz Stats

 Plays Quiz Updated May 4, 2019

Score 0/15 Timer 06:00
0 Plays Today
% Correct
to this struggle of the African people.
92.3%
not because they are easy, but because they are hard.
89.1%
they belong to all those who need us desperately.
88.7%
as separate from human rights.
88.2%
Therefore, I shall resign the Presidency effective at noon tomorrow.
88.1%
there has not been a more genuinely democratic struggle for freedom than ours.
87.9%
or giving us death.
87.5%
It also means that you can invent the language to say who you are and what you mean.
87.2%
% Correct
was so much owed by so many to so few.
86%
Always there echoes and re-echoes: duty, honor, country.
83.9%
'We hold these truths to be self-evident: that all men are created equal.'
83.8%
by the military industrial complex.
79%
for he has allowed us to see where we've been blind.
75.1%
and slipped the surly bonds of earth to touch the face of God.
73.6%
let us strive on to finish the work we are in, to bind up the nation’s wounds.
57%

You're not logged in!

Compare scores with friends on all Sporcle quizzes.
OR
Log In

Sporcle TV

Today on Sporcle TV


Watch our educational content, quiz creation guides, and fun videos on Sporcle TV.

Show Comments

Extras

Top Quizzes Today


Score Distribution

Your Account Isn't Verified!

In order to create a playlist on Sporcle, you need to verify the email address you used during registration. Go to your Sporcle Settings to finish the process.

Report this User

Report this user for behavior that violates our Community Guidelines.

Details: